Out like a light (Record no. 84037)
[ view plain ]
| 000 -LEADER | |
|---|---|
| fixed length control field | 01201cad a22002415a 4500 |
| 001 - CONTROL NUMBER | |
| control field | L156480 |
| 008 - FIXED-LENGTH DATA ELEMENTS--GENERAL INFORMATION | |
| fixed length control field | 120528e20120519xxk 000 0 eng d |
| 035 ## - SYSTEM CONTROL NUMBER | |
| System control number | (Sirsi) u156480 |
| 041 0# - LANGUAGE CODE | |
| Language code of text/sound track or separate title | eng |
| 100 1# - MAIN ENTRY--PERSONAL NAME | |
| Personal name | Mantle, Lisa |
| 245 00 - TITLE STATEMENT | |
| Title | Out like a light |
| 260 ## - PUBLICATION, DISTRIBUTION, ETC. | |
| Date of publication, distribution, etc. | 2012 |
| 490 ## - SERIES STATEMENT | |
| Series statement | Estates Gazette |
| Volume/sequential designation | (1220) 19 May 2012, 88-89(2) |
| 520 ## - SUMMARY, ETC. | |
| Summary, etc. | A Mainly for students article looks at ways developers can protect themselves from potential rights to light claims. These include physically blocking the right of light before the expiry of the 20 year period under the Prescription Act 1832 and by making an application under Rights of Lights Act 1959 s2 in the form of a light obstruction notice (LON). Explains how to make a LON application."HRRUKII (CHC) Ltd v Heaney" [2012] EWHC 2245 (Ch) sets out the procedure for considering whether an injunction should be granted based on the "Shelfer" test principles. |
| 590 ## - LOCAL NOTE (RLIN) | |
| Local note | KA |
| 650 24 - SUBJECT ADDED ENTRY--TOPICAL TERM | |
| Topical term or geographic name entry element | HKRUK II (CHC) LTD V HEANEY |
| 650 24 - SUBJECT ADDED ENTRY--TOPICAL TERM | |
| Topical term or geographic name entry element | SHELFER V CITY OF LONDON ELECTRIC LIGHTING CO |
| 650 24 - SUBJECT ADDED ENTRY--TOPICAL TERM | |
| Topical term or geographic name entry element | PRESCRIPTION ACT 1832 |
| 650 24 - SUBJECT ADDED ENTRY--TOPICAL TERM | |
| Topical term or geographic name entry element | RIGHTS OF LIGHT ACT 1959 S2 |
| 651 #4 - SUBJECT ADDED ENTRY--GEOGRAPHIC NAME | |
| Geographic name | United Kingdom |
| Chronological subdivision | |
| 690 ## - LOCAL SUBJECT ADDED ENTRY--TOPICAL TERM (OCLC, RLIN) | |
| Topical term or geographic name as entry element | Rights of light |
| 9 (RLIN) | 6267 |
| 942 ## - ADDED ENTRY ELEMENTS (KOHA) | |
| Suppress in OPAC | 0 |
| Withdrawn status | Lost status | Source of classification or shelving scheme | Damaged status | Not for loan | Home library | Current library | Shelving location | Date acquired | Total Checkouts | Full call number | Barcode | Date last seen | Copy number | Price effective from | Koha item type |
|---|---|---|---|---|---|---|---|---|---|---|---|---|---|---|---|
| Dewey Decimal Classification | London | London | Journal article | 28/05/2012 | L156480 | 156480-1001 | 06/08/2019 | 1 | 06/08/2019 | Journal article |